Statistics for Guess the Kanye song with no hints #1

Click here to take the quiz!

General Stats

  • This quiz has been taken 59 times
    (50 since last reset)
  • The average score is 161 of 307

Answer Stats

Lyrics% Correct
I
96%
a
93%
A
93%
who
80%
You
80%
you
80%
the
76%
The
76%
(To
76%
to
76%
And
73%
and
73%
(And
73%
(and
73%
it
71%
It
71%
me
71%
he
67%
(what
67%
what,
67%
What
67%
what
67%
do
64%
my
64%
My
64%
know
62%
know)
62%
your
62%
be
60%
life
56%
mean?
56%
mean
56%
on
56%
On
56%
wonder
56%
Wonder
56%
wonder)
56%
come
51%
dreams
51%
Find
51%
find
51%
I'm
51%
(if
49%
if
49%
is
49%
is?
49%
means
49%
means,
49%
means)
49%
true
49%
true)
49%
can
47%
back
44%
how
42%
How
42%
in
42%
where
42%
all
40%
say
40%
Why
40%
ever
38%
this
38%
been
36%
light
36%
not
36%
shit
36%
at
33%
grind
33%
I've
33%
never
33%
waiting
33%
whole
33%
you're
33%
Chicago
31%
night)
31%
(night
31%
night
31%
Run
31%
would
31%
could
29%
for
29%
skyline
29%
think
29%
up
29%
When
29%
wrong
29%
wrong)
29%
(wrong
29%
car
27%
I Wonder
27%
maybe
27%
really
27%
that
27%
even
24%
issue
24%
right,
24%
These
24%
just
22%
lifetime
22%
some
22%
star,
22%
tissue
22%
waking
22%
wish
22%
yet
22%
aight?
20%
ain't
20%
help
20%
kids
20%
lifeline
20%
name
20%
read
20%
Told
20%
trying
20%
without
20%
happen
18%
house
18%
many
18%
psychic
18%
remember
18%
shine?
18%
still
18%
that's
18%
arms
16%
keep
16%
screams
16%
smokescreens
16%
about?
13%
chokes
13%
hot
13%
intuition
13%
ladies
13%
their
13%
crib
11%
giving
11%
husband
11%
Trade
11%
you'll
11%
Drive
9%
hop
9%
independent
9%
lines?
9%
spouce
7%

Score Distribution

Percentile by Number Answered

Percent of People with Each Score

Your Score History

You have not taken this quiz since the last reset